|
|
|
|
| LEADER |
01649nam a2200325 a 4500 |
| 001 |
12619100 |
| 008 |
120119r20112002nyu 000 0 eng d |
| 010 |
|
|
|a 2001278587
|
| 040 |
|
|
|a ZAB
|c ZAB
|d DLC
|d BD-DhAAL
|
| 020 |
|
|
|a 0071381856
|
| 020 |
|
|
|a 9780070486324
|
| 020 |
|
|
|a 0070486328
|
| 082 |
0 |
0 |
|a 658.562
|2 21
|
| 100 |
1 |
|
|a Pande, Peter S.
|
| 245 |
1 |
0 |
|a What is six sigma? /
|c Pete Pande, Larry Holpp.
|
| 260 |
|
|
|a New York :
|b McGraw-Hill ;
|a New Delhi :
|b Tata McGraw Hill,
|c c2002 [Reprinted 2011]
|
| 300 |
|
|
|a viii, 87 p. :
|b ill. ;
|c 23 cm.
|
| 541 |
|
|
|e 00024298
|
| 650 |
|
0 |
|a Six sigma (Quality control standard)
|
| 650 |
|
0 |
|a Process control.
|
| 650 |
|
0 |
|a Quality control
|x Statistical methods.
|
| 650 |
|
0 |
|a Production management
|x Statistical methods.
|
| 700 |
1 |
|
|a Holpp, Lawrence.
|
| 852 |
1 |
|
|a Ayesha Abed Library
|c General shelf.
|
| 942 |
0 |
0 |
|0 1
|
| 999 |
|
|
|c 11793
|d 11793
|
| 952 |
|
|
|0 0
|1 0
|4 0
|6 658_562000000000000_PAN
|7 0
|9 19229
|a BRACUL
|b BRACUL
|c GEN
|d 2012-01-19
|e Paragon Enterprises
|g 371.00
|l 4
|m 15
|o 658.562 PAN
|p 3010024298
|r 2025-08-31
|s 2025-06-23
|t 1
|w 2012-01-19
|y BK
|x Available
|
| 952 |
|
|
|0 0
|1 0
|4 0
|6 658_562000000000000_PAN
|7 0
|9 19230
|a BRACUL
|b BRACUL
|c GEN
|d 2012-01-19
|e Paragon Enterprises
|g 371.00
|l 4
|m 18
|o 658.562 PAN
|p 3010024299
|r 2023-09-30
|s 2023-06-06
|t 2
|w 2012-01-19
|y BK
|x Available
|
| 952 |
|
|
|0 0
|1 0
|2 ddc
|4 0
|6 658_562000000000000_PAN
|7 0
|9 23298
|a IGS
|b IGS
|c GEN
|d 2013-09-02
|e Karim International
|g 490.00
|l 0
|o 658.562 PAN
|p 3010027443
|r 2017-01-31
|t 3
|w 2013-09-02
|y BK
|
| 952 |
|
|
|0 0
|1 0
|2 ddc
|4 0
|6 658_562000000000000_PAN
|7 0
|9 23299
|a IGS
|b IGS
|c GEN
|d 2013-09-02
|e Karim International
|g 490.00
|l 0
|o 658.562 PAN
|p 3010027444
|r 2013-09-02
|t 4
|w 2013-09-02
|y BK
|